M. de Kinglin ó El pacto con el demonio / (Record no. 162130)

MARC details
000 -LEADER
campo de control de longitud fija 01028nam a22002535i 4500
001 - NÚMERO DE CONTROL
campo de control 162130
003 - IDENTIFICADOR DE NÚMERO DE CONTROL
campo de control ES-MaACL
005 - FECHA Y HORA DE LA ÚLTIMA TRANSACCIÓN
campo de control 20230906212433.0
008 - DATOS DE LONGITUD FIJA--INFORMACIÓN GENERAL
campo de control de longitud fija 041104s1875 sp |||| | spa d
040 ## - FUENTE DE CATALOGACIÓN
Centro catalogador/agencia de origen CAM
Lengua de catalogación spa
Centro/agencia transcriptor CAM
080 ## - NÚMERO DE LA CLASIFICACIÓN DECIMAL UNIVERSAL
Número de la Clasificación Decimal Universal 821.133.1-31"17"
100 1# - ENTRADA PRINCIPAL--NOMBRE DE PERSONA
Nombre de persona Pigault-Lebrun (
Fechas asociadas al nombre 1753-1835)
9 (RLIN) 131157
245 10 - MENCIÓN DEL TÍTULO
Título M. de Kinglin ó El pacto con el demonio /
Mención de responsabilidad, etc. Pigault-Lebrun.
260 ## - PUBLICACIÓN, DISTRIBUCIÓN, ETC.
Lugar de publicación, distribución, etc. Madrid :
Nombre del editor, distribuidor, etc. Librería de Anllo y Rodríguez,
Fecha de publicación, distribución, etc. 1875 (
Fabricante Imprenta, estereotipia y Galvanoplastia de Aribau y Cª)
300 ## - DESCRIPCIÓN FÍSICA
Extensión 211 p. ;
Dimensiones 18 cm.
490 1# - MENCIÓN DE SERIE
Mención de serie Biblioteca de ambos mundos
505 8# - NOTA DE CONTENIDO CON FORMATO
Nota de contenido con formato Las costumbres : p. 89-114 ; Una palabra sobre París : p.115-134 ; Metusko ó La independencia de Polonia : p. 135-211
597 ## - NOTA DE DESCRIPCIÓN FÍSICA
NOTA DE DESCRIPCIÓN FÍSICA Port. adicional para la serie.
740 ## - ENTRADA AGREGADA--TÍTULO RELACIONADO/ANALÍTICO NO CONTROLADO
Título relacionado o analítico no controlado El pacto con el demonio.
740 3# - ENTRADA AGREGADA--TÍTULO RELACIONADO/ANALÍTICO NO CONTROLADO
Título relacionado o analítico no controlado La independencia de Polonia.
830 0# - PUNTO DE ACCESO ADICIONAL DE SERIE-TÍTULO UNIFORME
Título uniforme Biblioteca de ambos mundos
9 (RLIN) 222174
852 ## - LOCALIZACIÓN
Ubicación ES-MaACL
Número de control de estantería F-9085
Nota libre -- Enc. hol.
-- -- Enc. al final VIII pp. con propaganda editorial
Holdings
Estatus retirado Estado de pérdida Estado de daño No para préstamo Colección Biblioteca de origen Biblioteca actual Ubicación en estantería Fecha de adquisición Fuente de adquisición Total de préstamos Signatura topográfica completa Código de barras Visto por última vez Precio de reemplazo Tipo de ítem Koha
        Libros del s. XIX Biblioteca del Ateneo de Madrid Biblioteca del Ateneo de Madrid Sala Pecera Planta 2 17/01/2008     F-9085 1169848 23/02/2023 23/02/2023 Libro impreso antiguo